El seguro de vida para caso de muerte cuestiones actuales de derecho civil /

Detalles Bibliográficos
Autor principal: Callejo Rodrg̕uez, Carmen
Formato: Desconocido
Lenguaje:español
Publicado: Madrid : Dykinson, 2005
Materias:
Acceso en línea:Acceso restringido

MARC

LEADER 00000ny a22000003n 4500
005 20110627100854.0
006 m u
007 cr cn|||||||||
008 200606r2005 sp |||||s|||||||||||spa d
020 |a 9788497726801 
035 |a 1255 
040 |a FlNmELB  |c FlNmELB  |d vLex 
050 1 4 |a HG8771  |b C157 2005eb 
080 |a 368.91 
090 |c 1111  |d 1111 
100 1 |a Callejo Rodrg̕uez, Carmen 
245 1 3 |a El seguro de vida para caso de muerte  |h [Recurso electrn̤ico]  |b cuestiones actuales de derecho civil /  |c Carmen Callejo Rodrg̕uez 
256 |a Servicio en ln̕ea 
260 |a Madrid :  |b Dykinson,  |c 2005 
300 |a 13-252 p 
506 1 |a Contenido solo disponible en los productos indicados  |d vLex Global  |d vLex Global (Academic Edition, excluding Law Schools)  |d vLex Global (U.S. Academic Edition, Law Schools)  |d vLex Global (U.S. Academic Edition, excluding Law Schools)  |d vLex Global (Academic Edition, Law Schools) 
650 0 7 |a Seguros  |2 Tesauro vLex 
650 0 7 |a Mercantil  |2 Tesauro vLex 
650 0 7 |a Seguro de vida  |2 Tesauro vLex 
740 0 |a vLex Libros (Servicios en ln̕ea) 
856 4 0 |u http://vlex.com/source/1255  |z Acceso restringido 
942 |c BOOK